Northern Ireland Local Government Districts - Statistics

General Stats
  • This quiz has been taken 19 times
  • The average score is 6 of 11
Answer Stats
Answer % Correct
1 Belfast
100%
8 Causeway Coast and Glens
65%
2 Ards and North Down
59%
4 Lisburn and Castlereagh
59%
9 Mid Ulster
59%
11 Fermanagh and Omagh
53%
7 Mid and East Antrim
47%
5 Newry, Mourne and Down
47%
3 Antrim and Newtownabbey
41%
10 Derry City and Strabane
29%
6 Armagh City, Banbridge and Craigavon
24%
No matching quizzes found
Score Distribution
Percent of People with Each Score
Percentile by Number Answered
Your Score History
You have not taken this quiz